000 00743nam a2200205Ii 4500
003 JO-AjNU
008 230605s9999||||xx |||||||||||||| ||und||
017 _a2007/12/3692
040 _aJO-AjNU
_bara
_erda
_cJO-AjNU
041 _aara
050 1 4 _aPJ8062.F87 2007
100 3 _aفريحات، مريم جبر,
_eauthor
_949500
245 0 0 _aمدارات المعنى والتشكيل: دراسات في الأدب والنقد في الأردن
264 3 1 _aعمان: وزارة الثقافة،2007
300 _a222ص
336 _atext
_btxt
_2rdacontent
337 _aunmediated
_bn
_2rdamedia
338 _avolume
_bnc
_2rdacarrier
650 4 _aالأدب العربي - النقد العربي - الأردن - دراسات
_949501
999 _aA21745
_c25313
_d25313